|
|
|
|
| LEADER |
00000cam a2200000 a 4500 |
| 001 |
vtls008348299 |
| 003 |
SK-MaSNL |
| 005 |
20260301020558.0 |
| 008 |
251029s1960 xo 001 0 slo |
| 015 |
|
|
|a SNBA1960/08-01273
|
| 035 |
|
|
|a SK01SNK19600040516
|
| 035 |
|
|
|a SKM000042979
|
| 040 |
|
|
|a SNK
|b slo
|c SNK
|e AACR2
|
| 041 |
1 |
|
|a slo
|
| 041 |
0 |
|
|a slo
|
| 044 |
|
|
|a xo
|c SK
|
| 080 |
|
|
|a 015:07+05(437.6)"1939/1944"
|2 1981
|
| 080 |
|
|
|a 07(01)(437.6)"1939/1944"
|2 1981
|
| 080 |
|
|
|a 05(01)(437.6)"1939/1944"
|2 1981
|
| 100 |
1 |
|
|a Fedor, Michal,
|d 1929-1994
|4 aut
|9 98791
|
| 245 |
1 |
0 |
|a Súpis novín a časopisov na Slovensku za roky 1939-44
|n 2. časť
|c zostavil Michal Fedor ; úvod Ján Štefánik
|
| 260 |
|
|
|a Martin
|b Matica slovenská
|c 1960
|
| 300 |
|
|
|a 416, [1] s.
|b tab.
|c 4°
|
| 366 |
|
|
|e 250 výt.
|
| 490 |
1 |
|
|a Slovenská národná bibliografia. Séria B. Periodiká
|v č. 2
|
| 500 |
|
|
|a Men., miest., systém, a chronolog. reg. Ako rukopis pre internú potrebu
|
| 648 |
|
7 |
|a 1939-1944
|2 SNKPH
|9 286947
|
| 650 |
0 |
7 |
|a časopisy
|2 SNKPH
|9 1421
|
| 650 |
0 |
7 |
|a noviny
|2 SNKPH
|9 1420
|
| 651 |
|
7 |
|a Slovensko
|2 SNKPH
|
| 655 |
|
7 |
|a bibliografie
|2 SNKPH
|9 28668
|
| 700 |
1 |
|
|a Štefánik, Ján
|4 aui
|9 269321
|
| 830 |
|
0 |
|a Slovenská národná bibliografia. Séria B. Periodiká
|9 308180
|
| 958 |
|
|
|a OND
|
| 958 |
|
|
|a TL
|
| 958 |
|
|
|a RK
|
| 958 |
|
|
|a KL
|
| 958 |
|
|
|a NB
|
| 999 |
|
|
|c 563321
|d 565251
|
| 952 |
|
|
|a SNKPRIRUCN
|b SNKPULT
|y VYP
|7 0
|p 17A1348416
|o snkSB 6473 D7
|i snkD 1971/60
|8 1
|0 0
|1 0
|4 0
|d 2023-02-16
|l 1
|q 2026-10-01
|r 2026-03-19 15:35:53
|s 2026-03-19
|w 2026-02-23
|
| 952 |
|
|
|t P60, <04>, [BOOK], {604}
|a SNK
|b SNK
|y VYP
|7 0
|p 17A0098467
|o snkSB 6473 D8
|0 0
|1 0
|4 0
|d 1997-09-23
|l 0
|r 2005-01-02 00:00:00
|w 2026-02-23
|
| 952 |
|
|
|a SNK
|b SNK
|y PREZ
|7 0
|p 17A0741273
|o snkSB 6473
|0 0
|1 0
|4 0
|d 2011-11-04
|f 1
|l 0
|r 2026-02-23 13:49:25
|w 2026-02-23
|